Music Quiz

Random Music or Album Quiz

OutKast Albums Quiz Stats

 Plays Quiz Updated Mar 21, 2017

     
Support Sporcle.
Go Orange.
Score 0/6 Timer 02:00
2 Plays Today
Year Album % Correct
2000Stankonia
85.9%
2003Speakerboxxx/The Love Below
80.6%
1996ATLiens
80.3%
1998Aquemini
73.6%
2006Idlewild
54.2%
1994Southernplayalisticadillacmuzik
44.8%

From the Vault

2011 Oscar Nominees Movie Posters

by mucciniale

Movies 5m
You could also watch the whole movie, too.
Remove Ads.
Support Sporcle.
Get the best of Sporcle when you Go Orange. This ad-free experience offers more features, more stats, and more fun while also helping to support Sporcle. Thank you for becoming a member.

Show Comments

Extras

Top Quizzes Today


Score Distribution

Your Account Isn't Verified!

In order to create a playlist on Sporcle, you need to verify the email address you used during registration. Go to your Sporcle Settings to finish the process.

Report this User

Report this user for behavior that violates our Community Guidelines.

Details: